Coordinatio Jurisdictionum separatas Portas habentium, Districtuum quippe Jazygum, et Cumanorum, Sex Hajdonicalium, et 16. Oppidorum Scepusiensium cum Projecto 5 Articulorum

Bibliographic Details
Format: Book
Language:Latin
PhysicalDescription:20 strán 37,5 cm
Subjects:

MARC

LEADER 00000nam a2200000 4500
001 vtls012284925
003 SK-MaSNL
005 20260302030158.0
008 251112s1825 xx a f 000 0 lat
015 |a SNBHFA 
040 |a SNKHF  |b slo  |c SNKHF  |e rda 
041 0 |a lat 
044 |a xx 
072 7 |a 347.9  |x Občianske súdne konanie. Súdnictvo  |2 konspekt 
080 |a 347.98  |2 2001 
130 0 |a Coordinatio  |9 676583 
245 1 0 |a Coordinatio Jurisdictionum separatas Portas habentium, Districtuum quippe Jazygum, et Cumanorum, Sex Hajdonicalium, et 16. Oppidorum Scepusiensium cum Projecto 5 Articulorum 
264 3 |a [Miesto vydania nie je známe]  |b [Tlačiar nie je známy]  |c 1825-1827 
300 |a 20 strán  |c 37,5 cm 
336 |a text  |b txt  |2 rdacontent 
337 |a bez média  |b n  |2 rdamedia 
338 |a zväzok  |b nc  |2 rdacarrier 
500 |a Linky 
546 |a Latinský text  |b Antikva 
561 |a Provenicnia: pečiatka: Museálna Slovenská Spoločnosť.  |5 SNK SA 795 
563 |a Väzba: previazaná v pevnom červenom prebale.  |5 SNKSA 795 
650 0 7 |a jurisdikcia  |2 SNKPH  |9 89349 
655 7 |a artikuly  |2 SNKPH  |9 305746 
710 2 |a Muzeálna slovenská spoločnosť (Martin, Slovensko)  |4 fmo  |9 33033 
852 |a snk  |p SA 795 
958 |a ONDV 
958 |a DF 
999 |c 1046449  |d 1048379 
952 |t 1  |a SNK  |b SNK  |c SNK_KF  |y PREZ  |7 8  |p 17A0725123  |o snkSA 795  |i snkD 86/61  |8 1  |0 0  |1 0  |2 udc  |4 0  |d 2025-10-08  |l 0  |r 2026-02-24 14:42:00  |w 2026-02-24